000 02221nam0a2200409 4500
001 RU\NLR\bibl\91323
005 20260405221234.0
010 _a5-86566-015-2
_93000
021 _aRU
_b2000-4768
_9244
035 _a(NLR Aleph) 000089251
090 _a500160
_c500160
100 _a20000609d1999 |||y0rusy50 ca
101 0 _arus
102 _aRU
105 _aa |||||||||
200 1 _aВоспоминания генерал-фельдмаршала графа Дмитрия Алексеевича Милютина, 1860-1862
_f[Подгот. текста и коммент.: Л.Г. Захаровой и др.]
_gПод ред. д.ист.н., проф. Л.Г. Захаровой
_g[Предисл. Л.Г. Захаровой]
210 _aМ.
_cСтудия "ТРИТЭ" Никиты Михалкова
_cРос. арх.
_d1999
215 _a558,[1] с.
_cил., портр.
_d21
300 _aНа обл.: Воспоминания/ Д.А. Милютин
320 _aБиблиогр. в подстроч. прим.
320 _aУказ. имен: с. 507-549
320 _aУказ. геогр. назв.: с. 549-556
600 1 _aМилютин
_bД.А.
_f1816 - 1912
_gДмитрий Алексеевич
_jВоспоминания, записки и т.п.
_92230802
_3RU\NLR\auth\661338953
606 0 _aВоенные реформы
_jВоспоминания, записки и т.п.
_yРоссия
_z1860 - 1870
_91317665
_3RU\NLR\auth\66231011
607 _aСССР
_jВоспоминания, записки и т.п.
_xИстория
_z19 в.
_9913037
_3RU\NLR\auth\6614128
607 _aРоссия
_jВоспоминания, записки и т.п.
_xИстория
_z19 в.
_92086774
_3RU\NLR\auth\661262919
686 _aЦ4,8(2)243дМилютин
686 _aЦ4,8(2)21г,013
686 _aТ3(2)51,013
700 1 _4070
_8rus
_7ca
_aМилютин
_bД. А.
_cвоенный и гос. деятель
_f1816-1912
_gДмитрий Алексеевич
_3RU\NLR\AUTH\7799588
_982514
801 0 _aRU
_bNLR
_c20000609
_gPSBO
801 1 _aRU
_bNLR
_c20000609
852 _aNLR
_j2000-5/1119
942 _cBOOK
980 _aNB